Yeṭiv panim : (Record no. 32324)

MARC details
000 -LEADER
fixed length control field 00946cam a22002531 4500
001 - CONTROL NUMBER
control field he 67000765
003 - CONTROL NUMBER IDENTIFIER
control field DLC
005 - DATE AND TIME OF LATEST TRANSACTION
control field 20260227111446.0
008 - FIXED-LENGTH DATA ELEMENTS--GENERAL INFORMATION
fixed length control field 850102s1962 nyu 000 0 heb
010 ## - LIBRARY OF CONGRESS CONTROL NUMBER
LC control number he 67000765
035 ## - SYSTEM CONTROL NUMBER
System control number (OCoLC)19184799
040 ## - CATALOGING SOURCE
Original cataloging agency DLC
Transcribing agency MH
Modifying agency DLC
050 00 - LIBRARY OF CONGRESS CALL NUMBER
Classification number BM745
Item number .T4 1962
100 1# - MAIN ENTRY--PERSONAL NAME
Personal name Ṭaiṭelboim, Yeḳutiʼel Yehudah,
Dates associated with a name 1808-1891.
245 10 - TITLE STATEMENT
Title Yeṭiv panim :
Remainder of title tokheḥat musar, ben kese le-ʻaśor davar be-ʻito be-moʻadim le-śimḥah u-zemanim le-saśon, ṿe-Shabtot ha-shanah ha-neḳuvim bi-shemotam...
260 ## - PUBLICATION, DISTRIBUTION, ETC.
Place of publication, distribution, etc. Brooklyn :
Name of publisher, distributor, etc. Hotsaʼat bet misḥar ṿe-hotsaʼat sefarim Yerushalayim,
Date of publication, distribution, etc. 723 [1962 or 1963]
300 ## - PHYSICAL DESCRIPTION
Extent 2 v. ;
Dimensions 26 cm.
500 ## - GENERAL NOTE
General note Photo-offset of Lemberg, 1882 and Huszt, 1912 eds.
650 #0 - SUBJECT ADDED ENTRY--TOPICAL TERM
Topical term or geographic name entry element Jewish festival-day sermons.
650 #0 - SUBJECT ADDED ENTRY--TOPICAL TERM
Topical term or geographic name entry element Jewish sermons.
752 ## - ADDED ENTRY--HIERARCHICAL PLACE NAME
Country or larger entity Ukraine
City Lemberg
752 ## - ADDED ENTRY--HIERARCHICAL PLACE NAME
Country or larger entity Ukraine
City Huszt
752 ## - ADDED ENTRY--HIERARCHICAL PLACE NAME
Country or larger entity United States
First-order political jurisdiction New York
City New York

No items available.

Powered by Koha